|
|
|
|
| LEADER |
00000cam a22000002c 4500 |
| 001 |
1603727337 |
| 003 |
DE-627 |
| 005 |
20251225191732.0 |
| 007 |
tu |
| 008 |
130626s2000 xx ||||| 00| ||pol c |
| 020 |
|
|
|a 839089467X
|9 83-908946-7-X
|
| 035 |
|
|
|a (DE-627)1603727337
|
| 035 |
|
|
|a (DE-576)384390617
|
| 035 |
|
|
|a (DE-599)BSZ384390617
|
| 040 |
|
|
|a DE-627
|b ger
|c DE-627
|e rakwb
|
| 041 |
|
|
|a pol
|
| 082 |
0 |
|
|a 200.9
|q DE-604
|2 22/ger
|
| 082 |
0 |
|
|a 909
|q DE-604
|2 22/ger
|
| 084 |
|
|
|a 1
|2 ssgn
|
| 100 |
1 |
|
|0 (DE-588)129179914
|0 (DE-627)390361054
|0 (DE-576)174198515
|4 aut
|a Urbańczyk, Przemysław
|d 1951-
|
| 109 |
|
|
|a Urbańczyk, Przemysław 1951-
|a Urbańcyk, Przemysław 1951-
|
| 242 |
1 |
0 |
|a Macht und Politik im Frühmittelalter
|y pol
|
| 245 |
1 |
0 |
|a Władza i polityka we wczesnym średniowieczu
|
| 246 |
1 |
|
|i Übersetzung des Haupttitels
|a Macht und Politik im Frühmittelalter
|
| 264 |
|
1 |
|a Wrocław
|b Funna
|c 2000
|
| 300 |
|
|
|a 273 S.
|
| 336 |
|
|
|a Text
|b txt
|2 rdacontent
|
| 337 |
|
|
|a ohne Hilfsmittel zu benutzen
|b n
|2 rdamedia
|
| 338 |
|
|
|a Band
|b nc
|2 rdacarrier
|
| 490 |
0 |
|
|a Monografie Fundacji na rzecz nauki polskiej
|
| 500 |
|
|
|a Zsfassung in engl. Sprache u.d.T.: "Power and politics in early medieval Central Europe"
|
| 689 |
0 |
0 |
|d g
|0 (DE-588)4075753-5
|0 (DE-627)106085085
|0 (DE-576)209199350
|2 gnd
|a Ostmitteleuropa
|
| 689 |
0 |
1 |
|d s
|0 (DE-588)4030702-5
|0 (DE-627)104731745
|0 (DE-576)208988742
|2 gnd
|a Kirche
|
| 689 |
0 |
2 |
|d s
|0 (DE-588)4036824-5
|0 (DE-627)104637269
|0 (DE-576)209020679
|2 gnd
|a Macht
|
| 689 |
0 |
3 |
|q z
|2 gnd
|a Geschichte 600-1200
|
| 689 |
0 |
|
|5 DE-101
|
| 689 |
1 |
0 |
|d g
|0 (DE-588)4075753-5
|0 (DE-627)106085085
|0 (DE-576)209199350
|2 gnd
|a Ostmitteleuropa
|
| 689 |
1 |
1 |
|q z
|2 gnd
|a Geschichte 600-1200
|
| 689 |
1 |
|
|5 DE-101
|
| 710 |
2 |
|
|a Fundacja na rzecz nauki polskiej
|g Wrocław
|4 oth
|
| 935 |
|
|
|a mteo
|
| 951 |
|
|
|a BO
|
| ELC |
|
|
|b 1
|
| LOK |
|
|
|0 000 xxxxxcx a22 zn 4500
|
| LOK |
|
|
|0 001 3723015867
|
| LOK |
|
|
|0 003 DE-627
|
| LOK |
|
|
|0 004 1603727337
|
| LOK |
|
|
|0 005 20200710090420
|
| LOK |
|
|
|0 008 200710||||||||||||||||ger|||||||
|
| LOK |
|
|
|0 035
|a (DE-Tue135)BVBBV013610508
|
| LOK |
|
|
|0 040
|a DE-Tue135
|c DE-627
|d DE-Tue135
|
| LOK |
|
|
|0 092
|o n
|
| LOK |
|
|
|0 852
|a DE-Tue135
|
| LOK |
|
|
|0 852 1
|9 00
|
| LOK |
|
|
|0 935
|a bsbo
|
| LOK |
|
|
|0 939
|a 10-07-20
|b l01
|
| ORI |
|
|
|a SA-MARC-ixtheoa001.raw
|
| REL |
|
|
|a 1
|
| STA |
0 |
0 |
|a Central Europe,Eastern Central Europe,Church,Church,Church,Church in literature,Power,Power,Political power,Social power,Social influence
|
| STB |
0 |
0 |
|a Pouvoir,Pouvoir,Puissance,Puissance,Puissance (motif),Puissance,Église,Église
|
| STC |
0 |
0 |
|a Iglesia,Iglesia,Poder,Poder
|
| STD |
0 |
0 |
|a Chiesa,Chiesa,Potere,Potere
|
| STE |
0 |
0 |
|a 教会,教会,权力,权力,权,权
|
| STF |
0 |
0 |
|a 教會,教會,權力,權力,權,權
|
| STG |
0 |
0 |
|a Igreja,Igreja,Poder,Poder
|
| STH |
0 |
0 |
|a Власть (мотив),Власть,Церковь (мотив),Церковь
|
| STI |
0 |
0 |
|a Εκκλησία (μοτίβο),Εκκλησία,Εξουσία <μοτίβο>,Εξουσία,Δύναμη,Δύναμη (μοτίβο)
|
| SUB |
|
|
|a REL
|
| SYG |
0 |
0 |
|a Mitteleuropa,Ost,Central Europe,Mittelosteuropa , Church,Christliche Kirche,Christliche Kirche,Ekklesia , Rosenberg-Kirche,Notre-Dame-de-l'Assomption,Ste-Trinité,Sainte-Trinité , Politische Macht,Soziale Macht,Sozialer Einfluss , Mitteleuropa,Ost,Central Europe,Mittelosteuropa
|
| TIM |
|
|
|a 100006000101_100012001231
|b Geschichte 600-1200
|